| 000 | 00705nam a22001577a 4500 | ||
|---|---|---|---|
| 999 |
_c61879 _d61879 |
||
| 003 | Ge_BSU | ||
| 005 | 20240531173120.0 | ||
| 008 | 240531s1951 ge ||||| |||| 00| 0 geo d | ||
| 041 | _ageo | ||
| 080 | _a340.63 ს-30 | ||
| 245 |
_aსასამართლო ფსიქიატრია / _cრედაქტორი: ვ. ჯიმშელეიშვილი. |
||
| 264 |
_a თბილისი : _bსაქართველოს სსრ სამედიცინო გამომცემლობა, _c1951. |
||
| 300 |
_a410 გვ.: _b20 სმ. |
||
| 700 |
_aჯიმშელეიშვილი, ვ. _e რედაქტორი _922277 |
||
| 942 |
_2udc _cᲬᲘᲒᲜᲘ |
||